00928cam a22002653a 450000100060000000300060000600500170001200800410002904000150007004200070008505000070009224501250009926000290022450600300025351600200028365300390030365300410034265300680038370000400045183000290049185600420052094200070056299900190056995200740058818044PGUSA20140828083402.0060324s2006||||xxu|||||s|||||000 | eng d aPGUSAbeng adc 4aPA10aWine, Women, and Song :bMediaeval Latin Students' songs; Now first translated into English verseh[electronic resource] bProject Gutenberg,c2006 aPublic domain in the USA. aElectronic text aStudents' songs -- Europe -- Texts aGoliards -- Songs and music -- Texts aSongs, Latin (Medieval and modern) -- Translations into English1 aSymonds, John Addington,d1840-1893 0aProject Gutenbergv1804440uhttp://www.gutenberg.org/ebooks/18044 cEB c247299d247299 001040aGTBbGTBd2014-08-28l0r2014-08-28 00:00:00w2014-08-28yEB